[Event "39. Offene Stadtmeisterschaft"]
[Site "Bergisch Gladbach"]
[Date "2017.09.01"]
[Round "1.1"]
[White "Eilers, Jochen"]
[Black "Hertling, Jürgen"]
[Result "1-0"]
[WhiteElo "1999"]
[BlackElo "1624"]
[PlyCount "61"]
[EventDate "2017.??.??"]
[EventType "swiss"]
[EventRounds "7"]

1. g3 Nf6 2. Bg2 d5 3. c4 c6 4. b3 e5 5. Bb2 Bd6 6. d3 O-O 7. Nf3 Re8 8. O-O
Bf5 9. Nbd2 Nbd7 10. Nh4 Bg4 11. h3 Be6 12. e4 d4 13. f4 exf4 14. gxf4 Ng4 15.
f5 Qxh4 16. Qxg4 Qh6 17. fxe6 Rxe6 18. Bxd4 Ne5 19. Qe2 Rg6 20. Nf3 Nxd3 21.
Qxd3 Qxh3 22. Qe2 Re8 23. e5 f6 24. c5 Bxe5 25. Bxe5 fxe5 26. Rad1 e4 27. Rd6
Rxg2+ 28. Qxg2 Qxg2+ 29. Kxg2 exf3+ 30. Rxf3 h6 31. Rd7 1-0

[Event "39. Offene Stadtmeisterschaft"]
[Site "Bergisch Gladbach"]
[Date "2017.09.01"]
[Round "1.2"]
[White "Stuch, Hans-Ferdinand"]
[Black "Heckötter, Christian"]
[Result "0-1"]
[WhiteElo "1599"]
[BlackElo "1972"]
[PlyCount "98"]
[EventDate "2017.??.??"]
[EventType "swiss"]
[EventRounds "7"]

1. e4 e6 2. d3 d5 3. Nd2 Nf6 4. Ngf3 b6 5. e5 Nfd7 6. d4 c5 7. c3 Qc7 8. Bd3
Ba6 9. Bxa6 Nxa6 10. Qa4 Qb7 11. O-O Be7 12. dxc5 Naxc5 13. Qg4 g6 14. Nb3 Nd3
15. Qg3 Qc7 16. Nbd4 a6 17. Rd1 N3xe5 18. Nxe5 Nxe5 19. Bf4 Bd6 20. Kh1 Nc4 21.
Bxd6 Qxd6 22. Qxd6 Nxd6 23. Re1 Rc8 24. Rad1 O-O 25. Nf3 Nc4 26. Re2 b5 27. a3
Rfe8 28. Kg1 Nb6 29. Kf1 f6 30. Nd4 e5 31. Nb3 Kf7 32. Na1 Red8 33. Nc2 a5 34.
Ne1 Rd7 35. Nf3 Rcd8 36. g4 h6 37. h4 g5 38. hxg5 hxg5 39. Kg2 Rh8 40. Red2 Rc7
41. Kg3 Kg6 42. Re2 Rch7 43. Rde1 Rh3+ 44. Kg2 Nc4 45. Rd1 e4 46. Ng1 Rd3 47.
Rde1 Ne5 48. Re3 Rxe3 49. Rxe3 Nxg4 0-1

[Event "39. Offene Stadtmeisterschaft"]
[Site "Bergisch Gladbach"]
[Date "2017.09.01"]
[Round "1.3"]
[White "Arlt, Klaus"]
[Black "Läufer, Jürgen"]
[Result "1-0"]
[WhiteElo "1964"]
[BlackElo "1578"]
[PlyCount "87"]
[EventDate "2017.??.??"]
[EventType "swiss"]
[EventRounds "7"]

1. Nf3 d5 2. c4 Nf6 3. g3 e6 4. Bg2 Be7 5. O-O O-O 6. Qc2 Nbd7 7. d3 b6 8. b3
Bb7 9. Nc3 Rb8 10. Bf4 Bd6 11. Bxd6 cxd6 12. Nb5 dxc4 13. bxc4 d5 14. Nxa7 dxc4
15. Qxc4 Nc5 16. Rfb1 Ba6 17. Qh4 Qd7 18. d4 Nce4 19. Ne5 Qxd4 20. Nac6 Qxf2+
21. Kh1 Qxe2 22. Re1 Nf2+ 23. Kg1 Qb2 24. Nxb8 Rxb8 25. Qf4 N6e4 26. Nd3 e5 27.
Nxb2 exf4 28. Bxe4 fxg3 29. hxg3 Nh3+ 30. Kh2 Ng5 31. Bg2 g6 32. Bc6 Kf8 33.
Kg2 Rc8 34. Rac1 Rd8 35. Red1 Rc8 36. Kf2 Rc7 37. Rd7 Rc8 38. Ra7 Bb5 39. Ra8
Rxa8 40. Bxa8 Ne6 41. Rc8+ Kg7 42. Rb8 h5 43. Rxb6 Bd7 44. a4 1-0

[Event "39. Offene Stadtmeisterschaft"]
[Site "Bergisch Gladbach"]
[Date "2017.09.01"]
[Round "1.4"]
[White "Schüers, Christian"]
[Black "Harringer, Manfred"]
[Result "0-1"]
[WhiteElo "1548"]
[BlackElo "1943"]
[PlyCount "84"]
[EventDate "2017.??.??"]
[EventType "swiss"]
[EventRounds "7"]

1. d4 Nf6 2. Nf3 e6 3. Bg5 d5 4. e3 Nbd7 5. Be2 Be7 6. Nbd2 O-O 7. c4 c6 8. O-O
h6 9. Bxf6 Bxf6 10. Rc1 Re8 11. cxd5 exd5 12. Bd3 Nf8 13. h3 a5 14. a4 Qb6 15.
Qb3 Qb4 16. Rc2 Ne6 17. Rfc1 Ng5 18. Nxg5 Bxg5 19. Qxb4 axb4 20. b3 f5 21. Nf3
Bf6 22. Kf1 g5 23. Ng1 Be7 24. Ne2 Bd6 25. Re1 Kg7 26. Nc1 Bd7 27. Be2 Kf6 28.
Nd3 b6 29. Kg1 Ra5 30. Rec1 Re7 31. Rxc6 Bxc6 32. Rxc6 Re6 33. Kf1 Be7 34. Rc8
Kg7 35. Ne5 Ra7 36. Bh5 Bf8 37. Be8 Bd6 38. Nc6 Rc7 39. Rxc7+ Bxc7 40. Bd7 Rd6
41. Ne5 Kf6 42. Bb5 Re6 0-1

[Event "39. Offene Stadtmeisterschaft"]
[Site "Bergisch Gladbach"]
[Date "2017.09.01"]
[Round "1.5"]
[White "Thelen, Harm-Wulf"]
[Black "Radovinski, Jewgeni"]
[Result "1-0"]
[WhiteElo "1894"]
[BlackElo "1519"]
[PlyCount "121"]
[EventDate "2017.??.??"]
[EventType "swiss"]
[EventRounds "7"]

1. c4 e6 2. Nc3 d5 3. d4 Nf6 4. Bg5 Be7 5. Nf3 h6 6. Bh4 Nc6 7. e3 dxc4 8. Bxc4
Nd5 9. Bg3 Bb4 10. Rc1 O-O 11. O-O Nxc3 12. bxc3 Bd6 13. Bxd6 cxd6 14. Rb1 e5
15. e4 Qc7 16. Qd3 Bg4 17. Nd2 Rac8 18. h3 Bh5 19. Bd5 Rb8 20. f4 Ne7 21. Bb3
exf4 22. Rxf4 d5 23. Rbf1 Rbc8 24. c4 dxc4 25. Nxc4 Bg6 26. Ne5 Kh7 27. Bxf7
Bxf7 28. Rxf7 Rxf7 29. Rxf7 Qc1+ 30. Kh2 Rc3 31. Qe2 Qg5 32. Nf3 Qc1 33. Rxe7
Qf4+ 34. Kh1 Qc1+ 35. Ng1 Qg5 36. Qg4 Qxe7 37. Nf3 Rc1+ 38. Kh2 Qf7 39. e5 Rc6
40. Qe4+ Qg6 41. Qe3 Qe6 42. Qe4+ Qg6 43. Qe3 Rc2 44. Nh4 Qc6 45. Qd3+ Kg8 46.
d5 Qc3 47. Qf5 Rc1 48. d6 Qe1 49. Nf3 Qd1 50. Qe6+ Kh7 51. d7 Rc7 52. Qf5+ Kg8
53. e6 Qd6+ 54. Ne5 Rc5 55. Qf7+ Kh8 56. Qe8+ Kh7 57. Qg6+ Kg8 58. d8=Q+ Qxd8
59. Qf7+ Kh7 60. e7 Qc7 61. Qf5+ 1-0

[Event "39. Offene Stadtmeisterschaft"]
[Site "Bergisch Gladbach"]
[Date "2017.09.01"]
[Round "1.6"]
[White "Graß, Jonathan"]
[Black "Lawrenz, Sebastian"]
[Result "1-0"]
[WhiteElo "1516"]
[BlackElo "1868"]
[PlyCount "57"]
[EventDate "2017.??.??"]
[EventType "swiss"]
[EventRounds "7"]

1. f4 e5 2. fxe5 d6 3. exd6 Bxd6 4. Nf3 g5 5. g3 g4 6. Nh4 Ne7 7. d4 Ng6 8. Ng2
Nc6 9. e3 Nce7 10. Bd3 c6 11. Nc3 f5 12. Bd2 Qc7 13. Nf4 Bd7 14. Qe2 O-O-O 15.
O-O-O Rde8 16. Qf2 Nxf4 17. exf4 b5 18. a3 a5 19. d5 Nxd5 20. Nxd5 cxd5 21. Qd4
Rhf8 22. Rhe1 Rxe1 23. Rxe1 Bc6 24. Re6 Be7 25. Bxa5 Qd7 26. Qb6 Bd6 27. Bb4
Qxe6 28. Qxc6+ Kd8 29. Qxd6+ 1-0

[Event "39. Offene Stadtmeisterschaft"]
[Site "Bergisch Gladbach"]
[Date "2017.09.01"]
[Round "1.7"]
[White "Gutt, Oswald"]
[Black "Roder, Stephan"]
[Result "1-0"]
[WhiteElo "1846"]
[BlackElo "1421"]
[PlyCount "83"]
[EventDate "2017.??.??"]
[EventType "swiss"]
[EventRounds "7"]

1. e4 e6 2. d4 b6 3. Nc3 Bb7 4. Bd3 Nf6 5. Nf3 Be7 6. O-O h6 7. Qe2 d6 8. h3
Nbd7 9. Be3 Nf8 10. Rad1 N6h7 11. Ba6 Qc8 12. Bxb7 Qxb7 13. d5 e5 14. Nd2 g5
15. Qb5+ Kd8 16. a4 a6 17. Qe2 Qc8 18. Nc4 Ke8 19. Na2 Nf6 20. Bxb6 cxb6 21.
Nxb6 Qb7 22. Nxa8 Qxa8 23. Nb4 N8d7 24. Nxa6 Qb7 25. b4 Bd8 26. b5 Ba5 27. Qc4
Ke7 28. Qc6 Qc8 29. f3 Nb6 30. Ra1 Nfd7 31. Rfb1 Nc4 32. Nb4 Nd2 33. Qxc8 Bb6+
34. Kh1 Rxc8 35. Nc6+ Ke8 36. Rd1 Nc4 37. a5 Nxa5 38. Nxa5 Rxc2 39. Nc6 Kf8 40.
Ra8+ Kg7 41. Ne7 Rb2 42. Nf5+ 1-0

[Event "39. Offene Stadtmeisterschaft"]
[Site "Bergisch Gladbach"]
[Date "2017.09.01"]
[Round "1.9"]
[White "Themm, Rainer"]
[Black "Shelukie, Magd"]
[Result "1-0"]
[WhiteElo "1833"]
[BlackElo "1371"]
[PlyCount "119"]
[EventDate "2017.??.??"]
[EventType "swiss"]
[EventRounds "7"]

1. e4 c5 2. c3 Nc6 3. d4 cxd4 4. cxd4 e6 5. Nf3 d5 6. exd5 exd5 7. Be2 Bd6 8.
Nc3 Nf6 9. Bg5 Be6 10. O-O O-O 11. Re1 Be7 12. a3 a6 13. Qc2 Re8 14. Rad1 Ng4
15. Bxe7 Nxe7 16. Bd3 Ng6 17. Qe2 h6 18. h3 Nf6 19. Bxg6 fxg6 20. Ne5 Bf7 21.
Qd3 g5 22. Nxf7 Kxf7 23. Qf3 Rxe1+ 24. Rxe1 Kg8 25. Re5 Qb6 26. Nxd5 Qxb2 27.
Nxf6+ gxf6 28. Qxf6 Qc1+ 29. Kh2 Qf4+ 30. Qxf4 gxf4 31. Rf5 Rf8 32. Rd5 Kg7 33.
g4 Kf6 34. Rf5+ Ke7 35. Rxf8 Kxf8 36. Kg2 b5 37. Kf3 a5 38. Ke4 a4 39. Kd3 Ke7
40. h4 Ke6 41. Kc3 f3 42. Kb4 Kd5 43. g5 hxg5 44. hxg5 Ke6 45. Kxb5 Kf5 46. d5
Kxg5 47. d6 Kg4 48. d7 Kh3 49. d8=Q Kg2 50. Qh4 Kg1 51. Kxa4 Kf1 52. Kb5 Ke2
53. a4 Kf1 54. a5 Ke2 55. a6 Kd3 56. a7 Kc2 57. a8=Q Kd3 58. Qa3+ Ke2 59. Qe3+
Kd1 60. Qa4# 1-0

[Event "39. Offene Stadtmeisterschaft"]
[Site "Bergisch Gladbach"]
[Date "2017.09.01"]
[Round "1.10"]
[White "Hoferichter, Michael"]
[Black "Rosenauer, Horst"]
[Result "0-1"]
[WhiteElo "1307"]
[BlackElo "1817"]
[PlyCount "86"]
[EventDate "2017.??.??"]
[EventType "swiss"]
[EventRounds "7"]

1. e4 e5 2. Nf3 Nc6 3. Bc4 Nf6 4. Nc3 Bc5 5. O-O d6 6. h3 O-O 7. Na4 Nxe4 8. d3
Nf6 9. Nxc5 dxc5 10. Bg5 Qd6 11. Re1 a6 12. a4 Bf5 13. Nh4 Bd7 14. c3 Rae8 15.
Qf3 h6 16. Bxf6 Qxf6 17. Qxf6 gxf6 18. Ng6 Bf5 19. Nxf8 Kxf8 20. Re3 Be6 21.
Bxe6 fxe6 22. Re4 Rd8 23. Rd1 Kf7 24. f4 f5 25. Ree1 exf4 26. Rf1 e5 27. g3 Rg8
28. Rf3 Ke6 29. Kh2 fxg3+ 30. Rxg3 Rg5 31. h4 Rxg3 32. Kxg3 Ne7 33. h5 f4+ 34.
Kf3 Nf5 35. Rh1 Ng3 36. Re1 Kf5 37. a5 c4 38. dxc4 e4+ 39. Kf2 Kg4 40. Rd1 e3+
41. Ke1 f3 42. Rd4+ Kh3 43. Rf4 Kg2 0-1

[Event "39. Offene Stadtmeisterschaft"]
[Site "Bergisch Gladbach"]
[Date "2017.09.01"]
[Round "1.11"]
[White "Henseler, Klaus"]
[Black "Johann, Hans Werner"]
[Result "1-0"]
[WhiteElo "1801"]
[BlackElo "1279"]
[PlyCount "127"]
[EventDate "2017.??.??"]
[EventType "swiss"]
[EventRounds "7"]

1. c4 d6 2. g3 Nc6 3. Bg2 Bd7 4. Nc3 e6 5. Nf3 Be7 6. O-O Nf6 7. e4 O-O 8. d4
a6 9. h3 h6 10. Be3 Nh7 11. Nh2 f5 12. f4 Na7 13. exf5 c6 14. fxe6 Bxe6 15. d5
Bd7 16. Qd2 c5 17. Rae1 b5 18. b3 b4 19. Ne4 Bf5 20. g4 Bd7 21. Re2 Nf6 22. Ng3
Nc8 23. Nf3 Nh7 24. Nh5 Nf6 25. Ng3 Nh7 26. Qd3 a5 27. Nd2 Nf6 28. Nde4 Nh7 29.
Nh5 Be8 30. Nhg3 Bg6 31. Qd2 Nf6 32. f5 Nxe4 33. Nxe4 Bh7 34. Qc2 Nb6 35. Bf4
Ra7 36. Qd3 Nc8 37. Qg3 Bh4 38. Qd3 Be7 39. Rfe1 Rf7 40. Ng3 Rf8 41. Nh5 Bg5
42. Re6 Bxf4 43. Nxf4 Re7 44. Rxe7 Nxe7 45. Ne6 Qe8 46. Nxf8 Qxf8 47. Be4 Qf6
48. Qe3 Kh8 49. Bb1 Ng8 50. Be4 Qh4 51. Kg2 Nf6 52. Re2 Bg8 53. Qg3 Qxg3+ 54.
Kxg3 Bf7 55. h4 Kg8 56. Bf3 Kf8 57. g5 hxg5 58. hxg5 Ne8 59. Kf4 g6 60. f6 Bg8
61. Re7 Bf7 62. Bg4 Bg8 63. Bd7 Nc7 64. Ba4 1-0

[Event "39. Offene Stadtmeisterschaft"]
[Site "Bergisch Gladbach"]
[Date "2017.09.01"]
[Round "1.12"]
[White "Wilde, Christian"]
[Black "Behle, Burkhard"]
[Result "0-1"]
[WhiteElo "1273"]
[BlackElo "1797"]
[PlyCount "90"]
[EventDate "2017.??.??"]
[EventType "swiss"]
[EventRounds "7"]

1. d4 Nf6 2. g3 g6 3. Bg2 Bg7 4. Nf3 O-O 5. b3 d6 6. O-O Bd7 7. Bb2 Qc8 8. Nbd2
Bh3 9. e4 Bxg2 10. Kxg2 Nbd7 11. e5 Ne8 12. Rb1 c5 13. Re1 cxd4 14. exd6 e5 15.
Nc4 f6 16. c3 b5 17. Na5 Nxd6 18. cxd4 e4 19. Nd2 Qa6 20. b4 f5 21. Ndb3 Rfd8
22. Nc5 Nxc5 23. dxc5 Nc4 24. Qc1 Bxb2 25. Rxb2 Nxb2 26. Qxb2 Qe6 27. Nb7 Rd3
28. Nd6 Rd8 29. h4 a6 30. Kh2 Qd5 31. Qf6 Rf8 32. Qb2 Rd2 33. Qb3 Qxb3 34. axb3
Rxf2+ 35. Kg1 Rd2 36. Ra1 Rf6 37. Rxa6 e3 38. Ra8+ Kg7 39. Ne8+ Kf7 40. Nxf6
Kxf6 41. c6 Rd1+ 42. Kg2 e2 43. c7 e1=Q 44. Ra6+ Kf7 45. c8=Q Qf1+ 0-1

[Event "39. Offene Stadtmeisterschaft"]
[Site "Bergisch Gladbach"]
[Date "2017.09.01"]
[Round "1.13"]
[White "Schnellbacher, Jan Eric"]
[Black "Bernecker, Jan Magnus"]
[Result "1-0"]
[WhiteElo "1757"]
[BlackElo "1020"]
[PlyCount "63"]
[EventDate "2017.??.??"]
[EventType "swiss"]
[EventRounds "7"]

1. e4 e6 2. b3 Nc6 3. Bb2 Nf6 4. Nc3 Bb4 5. Nge2 b6 6. a3 Be7 7. d3 Bb7 8. Qd2
Bd6 9. Nb5 Qe7 10. Nxd6+ Qxd6 11. f4 Qe7 12. h3 O-O-O 13. b4 d5 14. e5 Ba6 15.
exf6 gxf6 16. Qc3 d4 17. Qxc6 Bb7 18. Qa4 e5 19. fxe5 fxe5 20. O-O-O Rhg8 21.
Rg1 e4 22. Nxd4 c5 23. Nc6 Qd7 24. Nxa7+ Kb8 25. Qxd7 Rxd7 26. Nb5 e3 27. g4 f5
28. Re1 Re7 29. Be2 f4 30. Rgf1 Rf7 31. Be5+ Kc8 32. Nd6+ 1-0

[Event "39. Offene Stadtmeisterschaft"]
[Site "Bergisch Gladbach"]
[Date "2017.09.01"]
[Round "1.14"]
[White "Blüggel, Theodor"]
[Black "Lobbes, Frank"]
[Result "0-1"]
[WhiteElo "942"]
[BlackElo "1718"]
[PlyCount "22"]
[EventDate "2017.??.??"]
[EventType "swiss"]
[EventRounds "7"]

1. e4 e5 2. f4 d5 3. exd5 e4 4. Nc3 Nf6 5. Bc4 Bc5 6. Nge2 Qe7 7. h3 Nbd7 8.
Na4 Nb6 9. Nxb6 Bxb6 10. a3 Qc5 11. Rf1 Qxc4 0-1

[Event "39. Offene Stadtmeisterschaft"]
[Site "Bergisch Gladbach"]
[Date "2017.09.08"]
[Round "2.1"]
[White "Henseler, Klaus"]
[Black "Eilers, Jochen"]
[Result "1/2-1/2"]
[WhiteElo "1801"]
[BlackElo "1999"]
[PlyCount "41"]
[EventDate "2017.??.??"]
[EventType "swiss"]
[EventRounds "7"]

1. c4 g6 2. Nc3 Bg7 3. g3 c5 4. Bg2 Nc6 5. a3 e5 6. Rb1 a5 7. d3 Nge7 8. e4 d6
9. Nge2 O-O 10. O-O Rb8 11. h3 Be6 12. Kh2 Qd7 13. Be3 f5 14. f4 Nd4 15. Nd5
fxe4 16. dxe4 b5 17. fxe5 Rxf1 18. Qxf1 Nxe2 19. Qxe2 Bxd5 20. cxd5 Bxe5 21.
Rf1 1/2-1/2

[Event "39. Offene Stadtmeisterschaft"]
[Site "Bergisch Gladbach"]
[Date "2017.09.08"]
[Round "2.2"]
[White "Behle, Burkhard"]
[Black "Arlt, Klaus"]
[Result "0-1"]
[WhiteElo "1797"]
[BlackElo "1964"]
[PlyCount "44"]
[EventDate "2017.??.??"]
[EventType "swiss"]
[EventRounds "7"]

1. e4 c6 2. d4 d5 3. Nc3 dxe4 4. Nxe4 Bf5 5. Ng3 Bg6 6. h4 h6 7. h5 Bh7 8. Nf3
Nd7 9. Bd3 Bxd3 10. Qxd3 e6 11. Qe2 Ngf6 12. Bd2 Be7 13. c4 b5 14. Ne5 Nxe5 15.
dxe5 Nd7 16. cxb5 cxb5 17. Qg4 Nxe5 18. Qe2 Nd3+ 19. Kf1 O-O 20. Rh3 Nxb2 21.
Ne4 Nc4 22. Rd3 Nxd2+ 0-1

[Event "39. Offene Stadtmeisterschaft"]
[Site "Bergisch Gladbach"]
[Date "2017.09.08"]
[Round "2.4"]
[White "Lobbes, Frank"]
[Black "Thelen, Harm-Wulf"]
[Result "1/2-1/2"]
[WhiteElo "1718"]
[BlackElo "1894"]
[PlyCount "40"]
[EventDate "2017.??.??"]
[EventType "swiss"]
[EventRounds "7"]

1. c4 Nf6 2. Nc3 g6 3. d4 Bg7 4. e4 d6 5. Be2 O-O 6. f4 c5 7. d5 e6 8. Nf3 exd5
9. exd5 Bf5 10. O-O Re8 11. Bd3 Ne4 12. Nxe4 Bxe4 13. f5 gxf5 14. Ng5 Nd7 15.
Bxe4 fxe4 16. Nxf7 Qe7 17. Nh6+ Bxh6 18. Bxh6 Ne5 19. Rc1 Qh4 20. Qd2 Nd3
1/2-1/2

[Event "39. Offene Stadtmeisterschaft"]
[Site "Bergisch Gladbach"]
[Date "2017.09.08"]
[Round "2.5"]
[White "Plitzner, Hans Joachim"]
[Black "Gutt, Oswald"]
[Result "0-1"]
[WhiteElo "1630"]
[BlackElo "1846"]
[PlyCount "48"]
[EventDate "2017.??.??"]
[EventType "swiss"]
[EventRounds "7"]

1. d4 Nf6 2. Nf3 d6 3. Nbd2 g6 4. e4 Bg7 5. Bd3 O-O 6. O-O Nbd7 7. Re1 e5 8. c3
c6 9. Nf1 Qc7 10. h3 b5 11. Be3 Bb7 12. Qd2 Rfe8 13. Ng3 d5 14. Bh6 Nxe4 15.
Nxe4 dxe4 16. Bxg7 exf3 17. Qh6 exd4 18. Bxd4 Ne5 19. b4 f6 20. Bc2 c5 21. Bxc5
Bd5 22. Rad1 Bf7 23. Re4 fxg2 24. Rh4 Nf3+ 0-1

[Event "39. Offene Stadtmeisterschaft"]
[Site "Bergisch Gladbach"]
[Date "2017.09.08"]
[Round "2.7"]
[White "Grothe, Karl Josef"]
[Black "Themm, Rainer"]
[Result "0-1"]
[WhiteElo "1142"]
[BlackElo "1833"]
[PlyCount "73"]
[EventDate "2017.??.??"]
[EventType "swiss"]
[EventRounds "7"]

1. e4 c5 2. f4 Nc6 3. Nf3 e6 4. Bb5 a6 5. Bxc6 bxc6 6. O-O Be7 7. c4 d6 8. d3
Rb8 9. f5 exf5 10. exf5 Bxf5 11. Ng5 Bxg5 12. Bxg5 Qxg5 13. Rxf5 Qxf5 14. Qe2+
Qe6 15. Qxe6+ fxe6 16. b3 Nf6 17. h3 Rf8 18. Nd2 Rb7 19. Re1 e5 20. Nf3 Re7 21.
Nh4 Kd7 22. Nf5 Ref7 23. Ne3 Nh5 24. b4 cxb4 25. Rb1 a5 26. c5 d5 27. a4 Nf4
28. Kh2 Nxd3 29. Rd1 e4 30. Ng4 Ke6 31. Ne3 Rf2 32. Ng4 Re2 33. Kg1 h5 34. Nh2
Rff2 35. Nf3 Rxg2+ 36. Kh1 exf3 37. Rxd3 0-1

[Event "39. Offene Stadtmeisterschaft"]
[Site "Bergisch Gladbach"]
[Date "2017.09.08"]
[Round "2.8"]
[White "Rosenauer, Horst"]
[Black "Graß, Jonathan"]
[Result "1-0"]
[WhiteElo "1817"]
[BlackElo "1516"]
[PlyCount "87"]
[EventDate "2017.??.??"]
[EventType "swiss"]
[EventRounds "7"]

1. e4 c5 2. Nf3 a6 3. c4 Nc6 4. d4 cxd4 5. Nxd4 e6 6. Be2 g6 7. O-O Bg7 8. Nxc6
bxc6 9. Nc3 Ne7 10. c5 O-O 11. Bg5 h6 12. Be3 Qc7 13. Qd2 Kh7 14. Rad1 Qa5 15.
Qd6 Re8 16. Bd4 f5 17. Bxg7 Kxg7 18. Qe5+ Kf7 19. exf5 Nxf5 20. g4 d6 21. Qf4
e5 22. Qf3 d5 23. gxf5 Bxf5 24. Rfe1 Kg7 25. Bf1 Qxc5 26. Qg3 e4 27. Na4 Qe7
28. Qc3+ Kh7 29. b3 Qg5+ 30. Qg3 Re6 31. Nc5 Rf6 32. Bxa6 Raf8 33. Qxg5 hxg5
34. Rd2 Bh3 35. Bf1 Bxf1 36. Kxf1 Rf3 37. Kg2 R8f4 38. Re3 g4 39. Ne6 Rxe3 40.
fxe3 Rf6 41. Nc5 Kh6 42. Rf2 Rf3 43. Rxf3 gxf3+ 44. Kf2 1-0

[Event "39. Offene Stadtmeisterschaft"]
[Site "Bergisch Gladbach"]
[Date "2017.09.08"]
[Round "2.9"]
[White "Lawrenz, Sebastian"]
[Black "Hoferichter, Michael"]
[Result "1-0"]
[WhiteElo "1868"]
[BlackElo "1307"]
[PlyCount "61"]
[EventDate "2017.??.??"]
[EventType "swiss"]
[EventRounds "7"]

1. e4 c5 2. Nf3 Nc6 3. d4 cxd4 4. Nxd4 Nf6 5. Nc3 e5 6. Ndb5 d6 7. Bg5 a6 8.
Na3 b5 9. Nd5 Qa5+ 10. Bd2 Qd8 11. Nxf6+ Qxf6 12. c3 Be7 13. Be2 O-O 14. O-O
Qe6 15. Bf3 Bf6 16. Nc2 Bb7 17. Ne3 Ne7 18. Bg4 Nf5 19. Nxf5 Qe8 20. Qe2 Qc6
21. Bf3 Qd7 22. Rad1 Bc8 23. Be3 a5 24. Rxd6 Qe8 25. Bg4 Ba6 26. Qf3 Qb8 27.
Rxf6 b4 28. Rd1 gxf6 29. Ne7+ Kg7 30. Bh6+ Kxh6 31. Qxf6# 1-0

[Event "39. Offene Stadtmeisterschaft"]
[Site "Bergisch Gladbach"]
[Date "2017.09.08"]
[Round "2.10"]
[White "Hertling, Jürgen"]
[Black "Wilde, Christian"]
[Result "1/2-1/2"]
[WhiteElo "1624"]
[BlackElo "1273"]
[PlyCount "70"]
[EventDate "2017.??.??"]
[EventType "swiss"]
[EventRounds "7"]

1. d4 f5 2. c4 Nf6 3. Nc3 e6 4. a3 a5 5. Nf3 Be7 6. e3 O-O 7. Bd3 d6 8. O-O Qe8
9. e4 fxe4 10. Nxe4 d5 11. Nxf6+ Bxf6 12. Ng5 Bxg5 13. Bxg5 dxc4 14. Bxc4 b6
15. Qb3 a4 16. Qg3 Ba6 17. Qxc7 Rf7 18. Qxb6 Bxc4 19. Rfe1 Nd7 20. Qb4 Bb3 21.
Rac1 Rb8 22. Qd2 Rc8 23. Rc3 Rxc3 24. bxc3 Nf6 25. f3 Qf8 26. Qb2 h6 27. Bd2
Nh5 28. Re3 g5 29. Qc1 Bc4 30. Qb2 Bb3 31. Bc1 g4 32. Qf2 gxf3 33. Rxf3 Rxf3
34. Qxf3 Qxf3 35. gxf3 Kh7 1/2-1/2

[Event "39. Offene Stadtmeisterschaft"]
[Site "Bergisch Gladbach"]
[Date "2017.09.08"]
[Round "2.11"]
[White "Johann, Hans Werner"]
[Black "Stuch, Hans-Ferdinand"]
[Result "0-1"]
[WhiteElo "1279"]
[BlackElo "1599"]
[PlyCount "68"]
[EventDate "2017.??.??"]
[EventType "swiss"]
[EventRounds "7"]

1. d4 d5 2. e3 e6 3. a3 f5 4. Nf3 Nf6 5. h3 Bd6 6. Nbd2 Nbd7 7. Be2 O-O 8. O-O
Ne4 9. c4 c6 10. c5 Bc7 11. Qc2 Qf6 12. b4 Qh6 13. Bb2 g5 14. Ne5 a6 15. Nxe4
dxe4 16. f3 Nf6 17. Qc1 Qg7 18. Kh1 Bd7 19. Bc3 h5 20. Bb2 Be8 21. Bc3 Qh7 22.
Bb2 Rd8 23. Bc4 Qe7 24. Be2 exf3 25. gxf3 g4 26. fxg4 hxg4 27. hxg4 Nxg4 28.
Bxg4 Qh4+ 29. Kg2 Bxe5 30. dxe5 Qxg4+ 31. Kf2 Qh4+ 32. Kg2 Rf7 33. Kf3 Rg7 34.
Ke2 Rg2+ 0-1

[Event "39. Offene Stadtmeisterschaft"]
[Site "Bergisch Gladbach"]
[Date "2017.09.08"]
[Round "2.13"]
[White "Bernecker, Jan Magnus"]
[Black "Schüers, Christian"]
[Result "0-1"]
[WhiteElo "1020"]
[BlackElo "1548"]
[PlyCount "140"]
[EventDate "2017.??.??"]
[EventType "swiss"]
[EventRounds "7"]

1. e4 e6 2. d4 b6 3. g3 Bb7 4. Bg2 Be7 5. Ne2 Nf6 6. Nbc3 a5 7. O-O Na6 8. e5
Bxg2 9. Kxg2 Nd5 10. Kg1 O-O 11. Nxd5 exd5 12. Nc3 c6 13. Qg4 Re8 14. h4 Bf8
15. h5 d6 16. h6 Qc8 17. Qh4 dxe5 18. dxe5 Qf5 19. Re1 Rxe5 20. Rxe5 Qxe5 21.
Qg4 Nb4 22. Bf4 Qe6 23. Qxe6 fxe6 24. hxg7 Bxg7 25. Bc7 b5 26. a4 Nxc2 27. Rc1
Nd4 28. Kf1 b4 29. Ne2 Nxe2 30. Kxe2 Ra6 31. b3 Bc3 32. Kd3 Kf7 33. Rh1 Kg6 34.
f4 h5 35. Rg1 Bf6 36. Rg2 Kf5 37. Rg1 c5 38. Rc1 Bd4 39. Be5 Bxe5 40. fxe5 Kxe5
41. Rxc5 Ra8 42. Rb5 Rc8 43. Kd2 Rc3 44. Rxa5 Rxb3 45. Rb5 Rxg3 46. Rxb4 Rg4
47. Rxg4 hxg4 48. Ke3 Kd6 49. Kf4 g3 50. Kxg3 Kc5 51. Kf4 Kb4 52. Ke5 Kxa4 53.
Kd4 Kb3 54. Kd3 e5 55. Kd2 Kc4 56. Kc2 d4 57. Kd2 e4 58. Ke2 Kc3 59. Kf2 Kd2
60. Kf1 e3 61. Kg2 e2 62. Kf3 e1=Q 63. Kf4 Kd3 64. Kf5 Qe4+ 65. Kf6 Qd5 66. Ke7
Ke4 67. Kf6 Kf4 68. Ke7 Kf5 69. Ke8 Kf6 70. Kf8 Qf7# 0-1

[Event "39. Offene Stadtmeisterschaft"]
[Site "Bergisch Gladbach"]
[Date "2017.09.15"]
[Round "3.1"]
[White "Arlt, Klaus"]
[Black "Rosenauer, Horst"]
[Result "1-0"]
[WhiteElo "1964"]
[BlackElo "1817"]
[PlyCount "59"]
[EventDate "2017.??.??"]
[EventType "swiss"]
[EventRounds "7"]

1. Nf3 Nf6 2. c4 c6 3. g3 d5 4. Bg2 Bf5 5. cxd5 cxd5 6. Nc3 e6 7. Nd4 Bg6 8.
Qb3 Nc6 9. Qa4 Qd7 10. Nxc6 bxc6 11. d3 Be7 12. O-O O-O 13. b3 Rfc8 14. Ba3 Bd8
15. Rac1 Bb6 16. Qf4 Bc7 17. Qd2 Ba5 18. Qf4 Bh5 19. Bf3 Bc7 20. Qh4 Bxf3 21.
exf3 Bd6 22. Qa4 Qe7 23. Bxd6 Qxd6 24. d4 a5 25. Nb1 Nd7 26. Rc3 Qb4 27. Qa3
Qxd4 28. Qd6 Ne5 29. f4 Nf3+ 30. Rxf3 1-0

[Event "39. Offene Stadtmeisterschaft"]
[Site "Bergisch Gladbach"]
[Date "2017.09.15"]
[Round "3.2"]
[White "Gutt, Oswald"]
[Black "Schnellbacher, Jan Eric"]
[Result "1/2-1/2"]
[WhiteElo "1846"]
[BlackElo "1757"]
[PlyCount "27"]
[EventDate "2017.??.??"]
[EventType "swiss"]
[EventRounds "7"]

1. Nf3 Nf6 2. g3 g6 3. Bg2 Bg7 4. O-O O-O 5. c4 c5 6. Nc3 Nc6 7. a3 d6 8. Rb1
Bf5 9. d3 Qd7 10. Bd2 Bh3 11. b4 Bxg2 12. Kxg2 cxb4 13. axb4 Ng4 14. h3 1/2-1/2

[Event "39. Offene Stadtmeisterschaft"]
[Site "Bergisch Gladbach"]
[Date "2017.09.15"]
[Round "3.3"]
[White "Themm, Rainer"]
[Black "Gnass, Arno"]
[Result "1-0"]
[WhiteElo "1833"]
[BlackElo "1632"]
[PlyCount "53"]
[EventDate "2017.??.??"]
[EventType "swiss"]
[EventRounds "7"]

1. e4 c6 2. d4 d5 3. Nc3 dxe4 4. Nxe4 Nd7 5. Nf3 Ngf6 6. Ng3 e6 7. Bd3 Bd6 8.
c3 O-O 9. O-O Re8 10. Qc2 Qc7 11. Ng5 Nf8 12. N5e4 Nxe4 13. Bxe4 c5 14. dxc5
Bxc5 15. b4 Be7 16. Bb2 Bd7 17. a3 Rac8 18. Rac1 Bc6 19. Rfe1 Red8 20. c4 Bg5
21. Rcd1 Rxd1 22. Rxd1 Bh6 23. c5 f5 24. Bxc6 Qxc6 25. Qb3 Qe8 26. Nxf5 Qh5 27.
Ne7+ 1-0

[Event "39. Offene Stadtmeisterschaft"]
[Site "Bergisch Gladbach"]
[Date "2017.09.15"]
[Round "3.4"]
[White "Eilers, Jochen"]
[Black "Lobbes, Frank"]
[Result "1-0"]
[WhiteElo "1999"]
[BlackElo "1718"]
[PlyCount "45"]
[EventDate "2017.??.??"]
[EventType "swiss"]
[EventRounds "7"]

1. g3 c5 2. Bg2 Nc6 3. e4 g6 4. d3 Bg7 5. Nc3 d6 6. Be3 e6 7. Qd2 a6 8. Nge2
Nge7 9. Bh6 O-O 10. h4 e5 11. h5 Be6 12. hxg6 Nxg6 13. Bxg7 Kxg7 14. f4 exf4
15. Nxf4 Kg8 16. O-O-O Nce5 17. Bh3 Bg4 18. Rdf1 b5 19. Ncd5 Bxh3 20. Rxh3 Ng4
21. Rfh1 h6 22. Ne3 N4e5 23. Nf5 1-0